Tiếng anh cho trẻ em, tập 1 T1Children

Đã lưu trong:
Chi tiết về thư mục
Tác giả chính: Nguyễn Quốc Hùng
Định dạng: Sách
Ngôn ngữ:English
Được phát hành: GD 1995
Những chủ đề:
Các nhãn: Thêm thẻ
Không có thẻ, Là người đầu tiên thẻ bản ghi này!
Thư viện lưu trữ: Mạng thư viện Đại học Đà Nẵng
LEADER 01095cam a22003131a 4500
001 000033709
003 9897
005 20151021000000.0
008 151016s1995 000 eng
041 |a eng 
082 |a 420.30523  |b NG-H  |2 T1Children 
100 |a Nguyễn Quốc Hùng 
245 |a Tiếng anh cho trẻ em, tập 1  |c Nguyễn Quốc Hùng  |n T1Children 
260 |a GD  |c 1995 
300 |a 49tr. : mh ; 30cm 
650 |a Tiếng anh, cho trẻ em, tập 1, 1995, Nguyễn Quốc Hùng 
852 |b Chuyên đề  |c Tiếng Anh tham khảo 1 
OWN |a LNN 
AVA |a UDN50  |b LNN  |c English  |d 420.30523 NG-H  |e available  |t Error 5001 Not defined in file expand_doc_bib_avail.  |f 3  |g 0  |h N  |i 0  |j AN 
999 |a From the UDN01 
AVA |a UDN50  |b LNN  |c English  |d 420.30523 NG-H  |e available  |t Error 5001 Not defined in file expand_doc_bib_avail.  |f 3  |g 0  |h N  |i 0  |j AN 
TYP |a Monograph 
980 |a Mạng thư viện Đại học Đà Nẵng